MARC

LEADER 00000nas a2200000 a 4500
001 ssj0004594
003 WaSeSS
005 20200512172242.0
006 m d
007 cr n
008 971209c198u9999cauqr pss 0 0eng c
010 |a  2006220535 
022 |y 1041-0406 
035 |a (WaSeSS)ssj0004594 
037 |a 22573/ctt1bh8z91  |b JSTOR 
040 |a EEM  |b eng  |c EEM  |d OCL  |d NVK  |d OCL  |d OCLCQ  |d FGA  |d OCLCQ  |d AGL  |d OCLCE  |d OCLCQ  |d OCLCO  |d OCLCQ  |d OCLCF  |d OCLCO  |d OCLCQ  |d TEF  |d WT2  |d OCLCQ  |d OCLCO  |d WYU  |d VT2  |d OCLCQ  |d OCLCO  |d SFB  |d OCLCQ  |d WaSeSS 
042 |a pcc 
050 4 |a TD1  |b .E12 
070 0 |a TD169  |b .E37 
072 0 |a W000 
082 0 0 |a 363.7  |2 23 
130 0 |a Earth Island journal (Online) 
245 1 0 |a Earth island journal  |h [electronic resource]. 
260 |a San Francisco, Calif. :  |b Earth Island Institute 
310 |a Quarterly 
500 |a Includes index to all archived articles. 
506 |a License restrictions may limit access. 
515 |a Chronological designation changed from season to month, June 2006- 
538 |a Mode of access: World Wide Web. 
588 0 |a Vol. 9, no. 3 (summer 1993); title from table of contents screen (viewed Sept. 5, 2006). 
588 1 |a Vol. 26, no. 3 (autumn 2011) (JSTOR Website, viewed April 3, 2017). 
610 2 0 |a Earth Island Institute  |v Periodicals. 
610 2 6 |a Earth Island Institute  |v Périodiques. 
610 2 7 |a Earth Island Institute.  |2 fast  |0 (OCoLC)fst00638960 
650 0 |a Environmental protection  |v Periodicals. 
650 0 |a Environmental protection  |x Citizen participation  |v Periodicals. 
650 0 |a Environmental policy  |v Periodicals. 
650 6 |a Environnement  |x Protection  |v Périodiques. 
650 6 |a Environnement  |x Protection  |x Participation des citoyens  |v Périodiques. 
650 6 |a Environnement  |x Politique gouvernementale  |v Périodiques. 
650 7 |a Environmentalism.  |2 ebps 
650 7 |a Environmental policy.  |2 fast  |0 (OCoLC)fst00913250 
650 7 |a Environmental protection.  |2 fast  |0 (OCoLC)fst00913324 
650 7 |a Environmental protection  |x Citizen participation.  |2 fast  |0 (OCoLC)fst00913332 
655 0 |a Electronic journals. 
710 2 |a Earth Island Institute. 
776 1 |t Earth Island journal  |x 1041-0406  |w (DLC)sf 93093044  |w (OCoLC)15290410 
856 4 0 |z Full text available from Research Library: 01/01/1994 to present  |u https://search.proquest.com/publication/30019